Business research methods (Record no. 396313)

MARC details
000 -LEADER
fixed length control field 00560 a2200217 4500
005 - DATE & TIME
control field 20260226131758.0
008 - FIXED-LENGTH DATA ELEMENTS--GENERAL INFORMATION
fixed length control field 260226b |||||||| |||| 00| 0 eng d
020 ## - ISBN
International Standard Book Number 9789359307107
Price Rs. 525.00
040 ## - CATALOGING SOURCE
Original cataloging agency VIVEKANANDA LIBRARY
082 ## - DDC NUMBER
Classification number 658.0072
Book Number D214B(2)
100 ## - MAIN ENTRY--PERSONAL NAME
Personal name Dewen, Shruti
245 ## - TITLE STATEMENT
Title Business research methods
250 ## - EDITION STATEMENT
Edition statement 2nd
260 ## - PUBLICATION, DISTRIBUTION, ETC. (IMPRINT)
Name of publisher, distributor, etc Vikash
Date of publication, distribution, etc 2026
Place of publication, distribution, etc Noida
300 ## - PHYSICAL DESCRIPTION
Pages xviii, 374
650 ## - Subject
Subject `Marketing Research
650 ## - Subject
Subject Industrial Research
650 ## - Subject
Subject Management-Research-Methodology
700 ## - Added Entry Personal Name
Added Entry Personal Name Dangi, H K
942 ## - ADDED ENTRY ELEMENTS (KOHA)
Koha item type Books
Holdings
Withdrawn status Lost status Source of classification or shelving scheme Damaged status Not for loan Location (home branch) Sublocation or collection (holding branch) Shelving location Date acquired Koha issues (times borrowed) Koha full call number Accession No. Koha date last seen Koha item type
    Dewey Decimal Classification     VIVEKANANDA LIBRARY VIVEKANANDA LIBRARY Law Library 19/02/2026   658.0072 D214B(2) 377946 19/02/2026 Books
    Dewey Decimal Classification     VIVEKANANDA LIBRARY VIVEKANANDA LIBRARY Law Library 19/02/2026   658.0072 D214B(2) 377944 19/02/2026 Books
    Dewey Decimal Classification     VIVEKANANDA LIBRARY VIVEKANANDA LIBRARY Law Library 19/02/2026   658.0072 D214B(2) 377945 19/02/2026 Books
    Dewey Decimal Classification     VIVEKANANDA LIBRARY VIVEKANANDA LIBRARY Law Library 19/02/2026   658.0072 D214B(2) 377943 19/02/2026 Books
    Dewey Decimal Classification     VIVEKANANDA LIBRARY VIVEKANANDA LIBRARY Law Library 19/02/2026   658.0072 D214B(2) 377942 19/02/2026 Books
© Designed and Maintained by Vivekananda Library, MDU Rohtak